000 00502nam a2200193Ia 4500
005 20240823033250.0
008 240823s9999||||xx |||||||||||||| ||und||
020 _a81-7254-135-x
041 _aENGLISH
082 _A824.8 Q2
100 _aSasikala Devi S.
245 0 _a"Podhu katturaigal, kadithangal, surrukkiezuthudhal , chyyul porulunar thiran aridhal"
250 _a1st
260 _c2012
_bsura pathi
500 _aYES
650 _aTamil Book
_bGeneral
942 _cBK
999 _c195402
_d195402